000 00691nam a2200205Ii 4500
003 JO-AjNU
008 230605s9999||||xx |||||||||||||| ||und||
040 _aJO-AjNU
_bara
_erda
_cJO-AjNU
041 _aara
050 1 4 _aGV462.D3755 1984
100 3 _aدرويش، كمال ؛ م.مشارك: محمد صبحي حسانين,
_eauthor
_916229
245 0 0 _aالتدريب الدائري
250 _aط1
264 3 1 _aالقاهرة: دار الفكر العربي، 1984
300 _a416ص
336 _atext
_btxt
_2rdacontent
337 _aunmediated
_bn
_2rdamedia
338 _avolume
_bnc
_2rdacarrier
650 4 _aالتدريب الرياضي- اللياقة البدنية
_916230
999 _aA4763
_c8331
_d8331